History Quiz

Random History or Letter Quiz

That's What 'F' Said Quiz Stats

Quiz Updated Feb 13, 2016

Challenge
Share
Tweet
Embed
Score 0/20 Timer 08:00
2 Plays Today
% Correct
Of a nuclear strike on the United States.
96.3%
But then I thought there are so many people in the world, there must be someone just like me who feels bizarre and flawed in the same ways I do.
94.8%
But the architect can only advise his clients to plant vines.
87.1%
But perhaps this very holding back is the one suffering you could avoid.
86.1%
At whose end one is also ashamed of one's morality.
83.8%
It is sung, played and written, for the most part, by cretinous goons.
83.4%
A nation does not have to be cruel to be tough.
83.3%
Those results are totally fake because they never include the promotion budget.
82.8%
To hold two opposed ideas in mind at the same time and still retain the ability to function.
82.2%
Has to sacrifice the development of his or her peculiar gifts to conventionality.
80.6%
% Correct
One or several ruined fragments of peoples.
79.6%
To have a gloomy face or a chilling look.
78.8%
To sing as well as to work.
77.8%
Does not such a country, and such defenders of their country, deserve a song?
74%
Who made it foolish? Who made it wise?
69.8%
Knowledge which in fact we do not possess, is likely to make us do much harm.
68.8%
Not only love but every living force on which the continuation of all life in the world depended, would dry up at once.
66.4%
It could hardly have entered any man's head to think of.
64.3%
We don't want to change, but the floodgates open abruptly and we are overwhelmed.
63.2%
It is difficult enough to study what is happening now.
61.9%

You're not logged in!

Compare scores with friends on all Sporcle quizzes.
Sign Up with Email
OR
Log In

You Might Also Like...

Show Comments

Extras

Top Quizzes Today


Score Distribution

Your Account Isn't Verified!

In order to create a playlist on Sporcle, you need to verify the email address you used during registration. Go to your Sporcle Settings to finish the process.